10 Most Famous Cities in Belize on a Map - Statistics

General Stats
  • This quiz has been taken 78 times
  • The average score is 4 of 10
Answers on the Map
Answers color-coded by a green-red scale on the quiz's map according to % correct below.
 
Answer Stats
Wiki Monthly Views Cityquiz Mention Rate Population Answers % Correct
16.75K 22.61% 21.97K Belmopan
100%
25.54K 18.36% 65.22K Belize City
96%
2.08K 0.62% 14.71K Orange Walk Town
34%
2.63K 0.80% 21.69K San Ignacio
34%
2.98K 0.25% 9.73K Corozal Town
24%
5.27K 3.59% 16.12K San Pedro Town
24%
1.55K 0.23% 9.65K Dangriga
18%
4.39K - 1.30K Caye Caulker
14%
1.47K - 4.30K Placencia
14%
1.35K 0.28% 5.45K Punta Gorda
12%
No matching quizzes found
Score Distribution
Percent of People with Each Score
Percentile by Number Answered
Your Score History
You have not taken this quiz